[Event "XXII. DBMM Schach"]
[Site "Dresden"]
[Date "2024.01.18"]
[Round "1.1"]
[Board "1"]
[White "Piepenburg, Rolf"]
[Black "Thiede, Lars"]
[Result "0-1"]
[WhiteElo "2013"]
[BlackElo "2420"]
[Annotator "fb"]
[PlyCount "76"]
[GameId "489223816289"]
[EventDate "2024.01.18"]
[EventType "team-swiss"]
[EventRounds "7"]
[EventCountry "GER"]
[Tiebreak "Buchholz"]
[SourceTitle "XXII. DBMM Schach"]
[Source "FV Schach e.V."]
[SourceDate "2024.01.21"]
[SourceVersion "1"]
[SourceVersionDate "2024.01.21"]
[SourceQuality "1"]
[WhiteTeam "BSG Commerzbank Frankfurt"]
[BlackTeam "BA Tempelhof Berlin"]
[WhiteTeamCountry "GER"]
[BlackTeamCountry "GER"]

1. Nf3 Nf6 2. g3 g6 3. Bg2 Bg7 4. O-O O-O 5. c4 d6 6. Nc3 e5 7. d4 Nbd7 8. Qc2 Re8 9. Rd1 h6 10. dxe5 dxe5 11. e4 c6 12. Rb1 Qc7 13. h3 a5 14. Be3 Bf8 15. Na4 b6 16. Nd2 Ba6 17. c5 b5 18. Nb6 Rab8 19. Nxd7 Nxd7 20. b4 Rbd8 21. a3 a4 22. Nf1 Bc8 23. Rd2 Nf6 24. Rbd1 Rxd2 25. Rxd2 Be6 26. f4 Qc8 27. g4 Bb3 28. Qb1 exf4 29. Bxf4 Nd7 30. Ne3 Ne5 31. Bxe5 Rxe5 32. Nc2 h5 33. gxh5 Rxh5 34. Nd4 Bc4 35. Qe1 Bh6 36. Rf2 Bg7 37. Nf3 Qc7 38. Rd2 Bc3 0-1

[Event "XXII. DBMM Schach"]
[Site "Dresden"]
[Date "2024.01.18"]
[Round "1.2"]
[Board "2"]
[White "Kalinitschew, Sergej"]
[Black "Heuermann, Heinz Burkhard"]
[Result "1-0"]
[WhiteElo "2391"]
[BlackElo "1793"]
[Annotator "br"]
[PlyCount "31"]
[GameId "489223816348"]
[EventDate "2024.01.18"]
[EventType "team-swiss"]
[EventRounds "7"]
[EventCountry "GER"]
[Tiebreak "Buchholz"]
[SourceTitle "XXII. DBMM Schach"]
[Source "FV Schach e.V."]
[SourceDate "2024.01.21"]
[SourceVersion "1"]
[SourceVersionDate "2024.01.21"]
[SourceQuality "1"]
[WhiteTeam "BA Tempelhof Berlin"]
[BlackTeam "BSG Commerzbank Frankfurt"]
[WhiteTeamCountry "GER"]
[BlackTeamCountry "GER"]

1. Nf3 d5 2. c4 Nf6 3. cxd5 Nxd5 4. e4 Nb6 5. d4 g6 6. Be3 Bg7 7. Qd2 O-O 8. Bh6 Bg4 9. Bxg7 Kxg7 10. Ne5 Bd7 11. Nc3 f6 12. Nc4 Nc6 13. O-O-O a6 14. Nxb6 cxb6 15. Kb1 h5 16. Be2 {Rest unleserlich.} 1-0

[Event "XXII. DBMM Schach"]
[Site "Dresden"]
[Date "2024.01.18"]
[Round "1.3"]
[Board "3"]
[White "Gebhardt, Christian"]
[Black "Mueller, Mark"]
[Result "1-0"]
[WhiteElo "1842"]
[BlackElo "2059"]
[Annotator "brss"]
[PlyCount "73"]
[GameId "489223816349"]
[EventDate "2024.01.18"]
[EventType "team-swiss"]
[EventRounds "7"]
[EventCountry "GER"]
[Tiebreak "Buchholz"]
[SourceTitle "XXII. DBMM Schach"]
[Source "FV Schach e.V."]
[SourceDate "2024.01.21"]
[SourceVersion "1"]
[SourceVersionDate "2024.01.21"]
[SourceQuality "1"]
[WhiteTeam "BSG Commerzbank Frankfurt"]
[BlackTeam "BA Tempelhof Berlin"]
[WhiteTeamCountry "GER"]
[BlackTeamCountry "GER"]

1. e4 c6 2. Nf3 d5 3. Nc3 dxe4 4. Nxe4 Nf6 5. Nxf6+ gxf6 6. d4 Bf5 7. Nh4 Bg6 8. Nxg6 hxg6 9. h3 e5 10. Be3 Nd7 11. dxe5 fxe5 12. Bc4 Qe7 13. Bb3 O-O-O 14. Qf3 f5 15. Bxa7 c5 16. Bd5 e4 17. Qb3 Nf6 18. Be6+ Nd7 19. Bd5 Nf6 20. Bxc5 Qh7 21. Bxf8 Nxd5 22. O-O-O Rhxf8 23. Rxd5 Qh6+ 24. Kb1 Rxd5 25. Qc4+ Kb8 26. Qxd5 Rc8 27. Rd1 Qg5 28. Qd6+ Ka7 29. Rd4 Rc6 30. Qa3+ Kb6 31. Qb4+ Kc7 32. g3 e3 33. Qa5+ Kc8 34. fxe3 b6 35. Qa8+ Kc7 36. Qa7+ Kc8 37. Qd7+ 1-0

[Event "XXII. DBMM Schach"]
[Site "Dresden"]
[Date "2024.01.18"]
[Round "1.4"]
[Board "4"]
[White "Kettenburg, Stefan"]
[Black "Klowski, Bjoern Sigurd"]
[Result "1-0"]
[WhiteElo "2050"]
[BlackElo "1601"]
[Annotator "brss"]
[PlyCount "89"]
[GameId "489223816364"]
[EventDate "2024.01.18"]
[EventType "team-swiss"]
[EventRounds "7"]
[EventCountry "GER"]
[Tiebreak "Buchholz"]
[SourceTitle "XXII. DBMM Schach"]
[Source "FV Schach e.V."]
[SourceDate "2024.01.21"]
[SourceVersion "1"]
[SourceVersionDate "2024.01.21"]
[SourceQuality "1"]
[WhiteTeam "BA Tempelhof Berlin"]
[BlackTeam "BSG Commerzbank Frankfurt"]
[WhiteTeamCountry "GER"]
[BlackTeamCountry "GER"]

1. d4 Nf6 2. c4 g6 3. Nc3 Bg7 4. e4 d6 5. f4 Bg4 6. Qb3 Qc8 7. h3 Bd7 8. Be3 O-O 9. O-O-O c5 10. d5 Na6 11. Be2 Rb8 12. g4 b5 13. cxb5 Nxe4 14. Nxe4 Bxb5 15. Bxb5 Nc7 16. a4 a6 17. Nc3 Qb7 18. Nge2 axb5 19. axb5 c4 20. Qxc4 Rfc8 21. Qc6 Nxb5 22. Qxb7 Rxb7 23. Kc2 Rbc7 24. Rd3 Rc4 25. Ra1 Kf8 26. Kb3 Nxc3 27. Nxc3 Ke8 28. Ra4 R4c7 29. Bd4 Bh6 30. g5 Bf8 31. Rd1 e6 32. Rda1 Rb7+ 33. Kc2 Rcb8 34. R1a2 Kd7 35. Ra7 h5 36. Rxb7+ Rxb7 37. Ra7 Rxa7 38. Bxa7 Bg7 39. Kd3 exd5 40. b4 Kc6 41. b5+ Kb7 42. Bd4 Bxd4 43. Kxd4 Kc7 44. Kxd5 Kd7 45. Ne4 1-0

[Event "XXII. DBMM Schach"]
[Site "Dresden"]
[Date "2024.01.18"]
[Round "1.1"]
[Board "1"]
[White "Meinhardt, Maximilian"]
[Black "Guder, Sibylle"]
[Result "1-0"]
[WhiteElo "2366"]
[BlackElo "1822"]
[Annotator "brss"]
[PlyCount "75"]
[GameId "489223816365"]
[EventDate "2024.01.18"]
[EventType "team-swiss"]
[EventRounds "7"]
[EventCountry "GER"]
[Tiebreak "Buchholz"]
[SourceTitle "XXII. DBMM Schach"]
[Source "FV Schach e.V."]
[SourceDate "2024.01.21"]
[SourceVersion "1"]
[SourceVersionDate "2024.01.21"]
[SourceQuality "1"]
[WhiteTeam "d-fine Frankfurt"]
[BlackTeam "BA Tempelhof Berlin III"]
[WhiteTeamCountry "GER"]
[BlackTeamCountry "GER"]

1. e4 c5 2. Nc3 d6 3. g3 g6 4. Bg2 Bg7 5. d3 Nc6 6. f4 e6 7. Nf3 Nge7 8. O-O O-O 9. Be3 Rb8 10. a4 a6 11. Qd2 b5 12. axb5 axb5 13. Rae1 b4 14. Nd1 Nd4 15. Bf2 Qd7 16. Nh4 Qa4 17. Ne3 b3 18. Ra1 Qb5 19. c3 Nc2 20. Rad1 Bd7 21. g4 f5 22. gxf5 gxf5 23. Nc4 d5 24. exd5 exd5 25. Qe2 Rbe8 26. Nd6 Qb6 27. Nxe8 Rxe8 28. Kh1 Ng6 29. Bxd5+ Kh8 30. Nxg6+ Qxg6 31. Qf3 Qd6 32. Rg1 Be6 33. Bxe6 Rxe6 34. Qa8+ Bf8 35. Rg2 Rg6 36. Rdg1 Kg7 37. Qb7+ Kg8 38. Qxb3+ 1-0

[Event "XXII. DBMM Schach"]
[Site "Dresden"]
[Date "2024.01.18"]
[Round "1.2"]
[Board "2"]
[White "Schmidt, Joerg"]
[Black "Hellwig, Tobias"]
[Result "0-1"]
[WhiteElo "1992"]
[BlackElo "2180"]
[Annotator "brss"]
[PlyCount "70"]
[GameId "489223816366"]
[EventDate "2024.01.18"]
[EventType "team-swiss"]
[EventRounds "7"]
[EventCountry "GER"]
[Tiebreak "Buchholz"]
[SourceTitle "XXII. DBMM Schach"]
[Source "FV Schach e.V."]
[SourceDate "2024.01.21"]
[SourceVersion "1"]
[SourceVersionDate "2024.01.21"]
[SourceQuality "1"]
[WhiteTeam "BA Tempelhof Berlin III"]
[BlackTeam "d-fine Frankfurt"]
[WhiteTeamCountry "GER"]
[BlackTeamCountry "GER"]

1. e4 Nf6 2. e5 Nd5 3. d4 d6 4. c4 Nb6 5. exd6 cxd6 6. Nf3 g6 7. Nc3 Bg7 8. Bd3 Nc6 9. Be3 O-O 10. h3 e5 11. d5 Ne7 12. Nd2 f5 13. f3 Nd7 14. Be2 h6 15. Qc2 Nc5 16. b4 Na6 17. Rb1 Kh7 18. O-O Nc7 19. Rfd1 b5 20. Nb3 bxc4 21. Bxc4 f4 22. Bf2 Bf5 23. Bd3 Qd7 24. Be4 Rfc8 25. Nc5 dxc5 26. bxc5 Ncxd5 27. Nxd5 Nxd5 28. Bxf5 gxf5 29. Qc4 Nb6 30. Qb3 Qa4 31. cxb6 Qxb3 32. axb3 axb6 33. Bxb6 Ra2 34. Rf1 Rc6 35. Rf2 Ra8 0-1

[Event "XXII. DBMM Schach"]
[Site "Dresden"]
[Date "2024.01.18"]
[Round "1.3"]
[Board "3"]
[White "Sundorf, Jannik"]
[Black "Glienke, Michael"]
[Result "1-0"]
[WhiteElo "2179"]
[BlackElo "1809"]
[Annotator "brss"]
[PlyCount "71"]
[GameId "489223816367"]
[EventDate "2024.01.18"]
[EventType "team-swiss"]
[EventRounds "7"]
[EventCountry "GER"]
[Tiebreak "Buchholz"]
[SourceTitle "XXII. DBMM Schach"]
[Source "FV Schach e.V."]
[SourceDate "2024.01.21"]
[SourceVersion "1"]
[SourceVersionDate "2024.01.21"]
[SourceQuality "1"]
[WhiteTeam "d-fine Frankfurt"]
[BlackTeam "BA Tempelhof Berlin III"]
[WhiteTeamCountry "GER"]
[BlackTeamCountry "GER"]

1. d4 Nf6 2. Nf3 e6 3. c4 c5 4. d5 d6 5. Nc3 a6 6. a4 Be7 7. e4 O-O 8. Be2 Re8 9. O-O Nbd7 10. dxe6 fxe6 11. Ng5 Nf8 12. f4 b6 13. Bf3 Rb8 14. Qe2 Qc7 15. Be3 Bb7 16. Rae1 Rbd8 17. Bc1 Bc6 18. f5 Qd7 19. b3 Rc8 20. Rd1 exf5 21. exf5 Bxf3 22. Qxf3 h6 23. Nge4 Rcd8 24. Qg3 Kh8 25. Rd3 Qc6 26. Qf4 Rd7 27. Rfd1 Red8 28. Nd5 Nxd5 29. Rxd5 Nh7 30. Bb2 Kg8 31. Qg4 Bf8 32. f6 b5 33. axb5 axb5 34. fxg7 Bxg7 35. Rxd6 Qb7 36. Rxd7 1-0

[Event "XXII. DBMM Schach"]
[Site "Dresden"]
[Date "2024.01.18"]
[Round "1.4"]
[Board "4"]
[White "Schneider, Eckehard"]
[Black "Yalcin, Alparslan"]
[Result "0-1"]
[WhiteElo "1797"]
[BlackElo "2136"]
[Annotator "brss"]
[PlyCount "50"]
[GameId "489223816368"]
[EventDate "2024.01.18"]
[EventType "team-swiss"]
[EventRounds "7"]
[EventCountry "GER"]
[Tiebreak "Buchholz"]
[SourceTitle "XXII. DBMM Schach"]
[Source "FV Schach e.V."]
[SourceDate "2024.01.21"]
[SourceVersion "1"]
[SourceVersionDate "2024.01.21"]
[SourceQuality "1"]
[WhiteTeam "BA Tempelhof Berlin III"]
[BlackTeam "d-fine Frankfurt"]
[WhiteTeamCountry "GER"]
[BlackTeamCountry "GER"]

1. d4 d5 2. Nf3 Nf6 3. Bf4 c5 4. e3 cxd4 5. exd4 Bf5 6. Bd3 Bxd3 7. Qxd3 Nc6 8. O-O e6 9. c3 Bd6 10. Bxd6 Qxd6 11. Nbd2 O-O 12. Rfe1 Nd7 13. Rad1 h6 14. a3 a5 15. c4 Nf6 16. Ne5 Rfd8 17. Ndf3 dxc4 18. Nxc4 Qf4 19. g3 Qg4 20. Nce5 Nxe5 21. Nxe5 Qh5 22. Kg2 Rd5 23. Rc1 Rad8 24. Nf3 Ng4 25. b3 Qh3+ 0-1

[Event "XXII. DBMM Schach"]
[Site "Dresden"]
[Date "2024.01.18"]
[Round "1.1"]
[Board "1"]
[White "Hammes, Frank"]
[Black "Hoffmann, Hendrik"]
[Result "1/2-1/2"]
[WhiteElo "2120"]
[BlackElo "2271"]
[Annotator "brss"]
[PlyCount "45"]
[GameId "489223816369"]
[EventDate "2024.01.18"]
[EventType "team-swiss"]
[EventRounds "7"]
[EventCountry "GER"]
[Tiebreak "Buchholz"]
[SourceTitle "XXII. DBMM Schach"]
[Source "FV Schach e.V."]
[SourceDate "2024.01.21"]
[SourceVersion "1"]
[SourceVersionDate "2024.01.21"]
[SourceQuality "1"]
[WhiteTeam "EFS Filtertechnik Erkrath"]
[BlackTeam "le-tex Leipzig"]
[WhiteTeamCountry "GER"]
[BlackTeamCountry "GER"]

1. Nf3 Nf6 2. c4 g6 3. b3 Bg7 4. Bb2 c5 5. g3 O-O 6. Bg2 Nc6 7. O-O d6 8. d4 Bg4 9. d5 Na5 10. Nbd2 a6 11. h3 Bd7 12. Re1 b5 13. Qc2 Rb8 14. Rad1 Qc8 15. g4 Qc7 16. e4 bxc4 17. Nxc4 Nxc4 18. Qxc4 Bb5 19. Qc2 a5 20. e5 Nd7 21. e6 Bxb2 22. Qxb2 fxe6 23. Ng5 1/2-1/2

[Event "XXII. DBMM Schach"]
[Site "Dresden"]
[Date "2024.01.18"]
[Round "1.2"]
[Board "2"]
[White "Rohne, Lars"]
[Black "Luger, Jens"]
[Result "1-0"]
[WhiteElo "2121"]
[BlackElo "1927"]
[Annotator "brss"]
[PlyCount "59"]
[GameId "489223816370"]
[EventDate "2024.01.18"]
[EventType "team-swiss"]
[EventRounds "7"]
[EventCountry "GER"]
[Tiebreak "Buchholz"]
[SourceTitle "XXII. DBMM Schach"]
[Source "FV Schach e.V."]
[SourceDate "2024.01.21"]
[SourceVersion "1"]
[SourceVersionDate "2024.01.21"]
[SourceQuality "1"]
[WhiteTeam "le-tex Leipzig"]
[BlackTeam "EFS Filtertechnik Erkrath"]
[WhiteTeamCountry "GER"]
[BlackTeamCountry "GER"]

1. e4 d6 2. d4 g6 3. Be3 Bg7 4. c3 Nf6 5. Bd3 O-O 6. Nf3 Nbd7 7. h3 e5 8. Nbd2 c6 9. O-O Qc7 10. Nh2 d5 11. f3 Nh5 12. Bc2 Nf4 13. Ng4 exd4 14. cxd4 h5 15. Nf2 c5 16. Nb3 c4 17. Nc1 Nb6 18. e5 Ne6 19. f4 Bh6 20. Ne2 c3 21. b3 Ng7 22. Rc1 Bf5 23. g4 Bxc2 24. Qxc2 Ne6 25. g5 Bg7 26. f5 gxf5 27. Qxf5 Qd7 28. Qf3 Nc8 29. Qxh5 Ne7 30. Ng4 1-0

[Event "XXII. DBMM Schach"]
[Site "Dresden"]
[Date "2024.01.18"]
[Round "1.3"]
[Board "3"]
[White "De Leroy, Babs"]
[Black "Poessel, Christian"]
[Result "0-1"]
[WhiteElo "1722"]
[BlackElo "2010"]
[Annotator "brss"]
[PlyCount "70"]
[GameId "489223816371"]
[EventDate "2024.01.18"]
[EventType "team-swiss"]
[EventRounds "7"]
[EventCountry "GER"]
[Tiebreak "Buchholz"]
[SourceTitle "XXII. DBMM Schach"]
[Source "FV Schach e.V."]
[SourceDate "2024.01.21"]
[SourceVersion "1"]
[SourceVersionDate "2024.01.21"]
[SourceQuality "1"]
[WhiteTeam "EFS Filtertechnik Erkrath"]
[BlackTeam "le-tex Leipzig"]
[WhiteTeamCountry "GER"]
[BlackTeamCountry "GER"]

1. d4 Nf6 2. c4 e6 3. g3 b6 4. Bg2 c6 5. e4 d5 6. e5 Nfd7 7. b3 Bb4+ 8. Bd2 Be7 9. Ne2 a5 10. O-O Na6 11. Nbc3 Nc7 12. f4 g6 13. f5 gxf5 14. Bh6 Bb7 15. Nf4 Rg8 16. Nh5 Bf8 17. Bxf8 Kxf8 18. Rf4 Qg5 19. cxd5 cxd5 20. Qf3 Rb8 21. Rf1 Nxe5 22. dxe5 d4 23. Qe2 Ba6 24. Qf3 dxc3 25. Nf6 Kg7 26. Nxg8 Rxg8 27. Qxc3 Bxf1 28. Kxf1 Na6 29. a3 Qe7 30. b4 Rd8 31. bxa5 bxa5 32. Qxa5 Nc5 33. Qb4 Qa7 34. Rf3 Ne4 35. Qe1 Nd2+ 0-1

[Event "XXII. DBMM Schach"]
[Site "Dresden"]
[Date "2024.01.18"]
[Round "1.4"]
[Board "4"]
[White "Heinrich, Thomas"]
[Black "Hiller, Karsten"]
[Result "1-0"]
[WhiteElo "2193"]
[BlackElo "1200"]
[Annotator "brss"]
[PlyCount "85"]
[GameId "489223816372"]
[EventDate "2024.01.18"]
[EventType "team-swiss"]
[EventRounds "7"]
[EventCountry "GER"]
[Tiebreak "Buchholz"]
[SourceTitle "XXII. DBMM Schach"]
[Source "FV Schach e.V."]
[SourceDate "2024.01.21"]
[SourceVersion "1"]
[SourceVersionDate "2024.01.21"]
[SourceQuality "1"]
[WhiteTeam "le-tex Leipzig"]
[BlackTeam "EFS Filtertechnik Erkrath"]
[WhiteTeamCountry "GER"]
[BlackTeamCountry "GER"]

1. Nf3 e6 2. g3 d5 3. Bg2 Nf6 4. O-O Bd6 5. d3 h6 6. Nbd2 Nbd7 7. e4 dxe4 8. dxe4 e5 9. Qe2 c6 10. Rd1 Qe7 11. Nh4 g6 12. a4 b6 13. b3 a5 14. Nc4 Bc7 15. Ba3 c5 16. f3 Ba6 17. Bf1 Kf8 18. Rd2 Kg7 19. Rad1 Rhd8 20. Qe1 Ne8 21. Ne3 Qe6 22. Bb2 Bxf1 23. Qxf1 Ndf6 24. Nd5 Nxd5 25. exd5 Qe7 26. Re1 f6 27. f4 e4 28. f5 g5 29. Ng6 Qf7 30. Rxe4 Bd6 31. Re6 Ra7 32. Rde2 c4 33. bxc4 Bc5+ 34. Kg2 Rad7 35. Qe1 Nc7 36. Rxf6 Qxf6 37. Bxf6+ Kxf6 38. Ne5 Re7 39. Ng4+ Kf7 40. Rxe7+ Bxe7 41. Nxh6+ Kf8 42. Qe5 Ke8 43. Qxc7 1-0

[Event "XXII. DBMM Schach"]
[Site "Dresden"]
[Date "2024.01.18"]
[Round "1.1"]
[Board "1"]
[White "Seger, Ruediger"]
[Black "Grabow, Carsten"]
[Result "1-0"]
[WhiteElo "2269"]
[BlackElo "2067"]
[Annotator "brss"]
[PlyCount "85"]
[GameId "489223816373"]
[EventDate "2024.01.18"]
[EventType "team-swiss"]
[EventRounds "7"]
[EventCountry "GER"]
[Tiebreak "Buchholz"]
[SourceTitle "XXII. DBMM Schach"]
[Source "FV Schach e.V."]
[SourceDate "2024.01.21"]
[SourceVersion "1"]
[SourceVersionDate "2024.01.21"]
[SourceQuality "1"]
[WhiteTeam "Deutsche Post Bonn"]
[BlackTeam "d-fine Frankfurt II"]
[WhiteTeamCountry "GER"]
[BlackTeamCountry "GER"]

1. e4 c5 2. c3 Nf6 3. e5 Nd5 4. d4 e6 5. Nf3 cxd4 6. cxd4 d6 7. Bc4 Nb6 8. Bd3 Bd7 9. O-O Bc6 10. Nc3 N8d7 11. Ne4 dxe5 12. dxe5 Nc5 13. Nxc5 Bxc5 14. a3 Qd5 15. Qe2 Rd8 16. Rd1 Qb3 17. Bc2 Rxd1+ 18. Qxd1 Qd5 19. Qe2 Qc4 20. Bd3 Qg4 21. Bb5 O-O 22. Bxc6 bxc6 23. b4 Bd4 24. h3 Qxf3 25. Qxf3 Bxa1 26. Bf4 Nd5 27. Bg3 Bd4 28. Qd3 Bb6 29. Qc4 Rc8 30. Kf1 Ne7 31. Bf4 Nd5 32. Bd2 h6 33. Ke2 Ne7 34. a4 Rd8 35. Bc3 Rd7 36. g3 Kf8 37. a5 Bc7 38. Bd4 Ke8 39. Bxa7 Bxe5 40. Be3 Bb8 41. Bc5 Nc8 42. Qa6 Rc7 43. Qa8 1-0

[Event "XXII. DBMM Schach"]
[Site "Dresden"]
[Date "2024.01.18"]
[Round "1.2"]
[Board "2"]
[White "Belzner, Jonas"]
[Black "Lunnebach, Oliver"]
[Result "1-0"]
[WhiteElo "1911"]
[BlackElo "2158"]
[Annotator "brss"]
[PlyCount "109"]
[GameId "489223816380"]
[EventDate "2024.01.18"]
[EventType "team-swiss"]
[EventRounds "7"]
[EventCountry "GER"]
[Tiebreak "Buchholz"]
[SourceTitle "XXII. DBMM Schach"]
[Source "FV Schach e.V."]
[SourceDate "2024.01.21"]
[SourceVersion "1"]
[SourceVersionDate "2024.01.21"]
[SourceQuality "1"]
[WhiteTeam "d-fine Frankfurt II"]
[BlackTeam "Deutsche Post Bonn"]
[WhiteTeamCountry "GER"]
[BlackTeamCountry "GER"]

1. d4 Nf6 2. c4 e6 3. Nc3 d5 4. cxd5 exd5 5. Bg5 c6 6. e3 Bd6 7. Nf3 O-O 8. Bd3 Nbd7 9. O-O Re8 10. a3 Be7 11. b4 Ne4 12. Bxe7 Qxe7 13. Qc2 Ndf6 14. Ne5 Nxc3 15. Qxc3 Ng4 16. Nf3 Bd7 17. a4 Rec8 18. Qb3 Be6 19. Rfc1 g6 20. Rc2 Rc7 21. Rac1 Rac8 22. Qc3 Nf6 23. b5 Ne8 24. bxc6 Rxc6 25. Qb3 Rxc2 26. Rxc2 Rxc2 27. Bxc2 Nd6 28. Ne5 Qc7 29. h3 Kg7 30. g4 f6 31. Nd3 Bf7 32. Nf4 Nc4 33. Bd1 b6 34. Qb5 Nd6 35. Qb2 Nc4 36. Qb5 Nd6 37. Qb2 Nc4 38. Qb4 a5 39. Qb5 Nd6 40. Qb2 Nc4 41. Qc3 Qd7 42. Bf3 b5 43. axb5 Qxb5 44. Kg2 a4 45. e4 dxe4 46. Bxe4 a3 47. d5 a2 48. g5 Qa6 49. Ne6+ Bxe6 50. Qxf6+ Kg8 51. dxe6 Qd6 52. Qf7+ Kh8 53. e7 Ne3+ 54. Kf3 Qd1+ 55. Kxe3 1-0

[Event "XXII. DBMM Schach"]
[Site "Dresden"]
[Date "2024.01.18"]
[Round "1.3"]
[Board "3"]
[White "Lorenz, Roger"]
[Black "Goeppl, Florian"]
[Result "1-0"]
[WhiteElo "2152"]
[BlackElo "2022"]
[Annotator "brss"]
[PlyCount "77"]
[GameId "489223816381"]
[EventDate "2024.01.18"]
[EventType "team-swiss"]
[EventRounds "7"]
[EventCountry "GER"]
[Tiebreak "Buchholz"]
[SourceTitle "XXII. DBMM Schach"]
[Source "FV Schach e.V."]
[SourceDate "2024.01.21"]
[SourceVersion "1"]
[SourceVersionDate "2024.01.21"]
[SourceQuality "1"]
[WhiteTeam "Deutsche Post Bonn"]
[BlackTeam "d-fine Frankfurt II"]
[WhiteTeamCountry "GER"]
[BlackTeamCountry "GER"]

1. d4 Nf6 2. c4 g6 3. Nc3 Bg7 4. e4 d6 5. Nf3 O-O 6. Be2 e5 7. O-O Nc6 8. d5 Ne7 9. Ne1 Nd7 10. Be3 f5 11. f3 f4 12. Bf2 g5 13. Rc1 Nf6 14. c5 Rf7 15. cxd6 cxd6 16. Nb5 Ng6 17. Nxa7 Bd7 18. Qb3 g4 19. Bb6 Qf8 20. Nb5 gxf3 21. gxf3 Nh4 22. Bf2 Ng6 23. Nc7 Rb8 24. Kh1 Bh3 25. Rg1 Qc8 26. Bb6 Nd7 27. Nd3 Nxb6 28. Ne6 Qe8 29. Nxg7 Rxg7 30. Qxb6 Qe7 31. Nf2 Qd7 32. Nxh3 Qxh3 33. Qxd6 Re8 34. Rc7 Rxc7 35. Qxc7 Rc8 36. Qxb7 Rc2 37. Qb5 Kf8 38. Qd3 Rxb2 39. Qa3+ 1-0

[Event "XXII. DBMM Schach"]
[Site "Dresden"]
[Date "2024.01.18"]
[Round "1.4"]
[Board "4"]
[White "Broeker, Yannic"]
[Black "Dehmel, Jens"]
[Result "0-1"]
[WhiteElo "1829"]
[BlackElo "1964"]
[Annotator "brss"]
[PlyCount "99"]
[GameId "489223816382"]
[EventDate "2024.01.18"]
[EventType "team-swiss"]
[EventRounds "7"]
[EventCountry "GER"]
[Tiebreak "Buchholz"]
[SourceTitle "XXII. DBMM Schach"]
[Source "FV Schach e.V."]
[SourceDate "2024.01.21"]
[SourceVersion "1"]
[SourceVersionDate "2024.01.21"]
[SourceQuality "1"]
[WhiteTeam "d-fine Frankfurt II"]
[BlackTeam "Deutsche Post Bonn"]
[WhiteTeamCountry "GER"]
[BlackTeamCountry "GER"]

1. Nf3 d5 2. d4 Nf6 3. c4 c6 4. e3 Bf5 5. Nc3 e6 6. Be2 h6 7. O-O Be7 8. b3 O-O 9. Bb2 Nbd7 10. Nh4 Bh7 11. f4 Ne4 12. Nf3 a5 13. Nxe4 Bxe4 14. Nd2 Bh7 15. Qc1 Qb6 16. Ba3 Bxa3 17. Qxa3 Qb4 18. Qc1 Qb6 19. c5 Qc7 20. Qc3 Nf6 21. a3 Ne4 22. Nxe4 Bxe4 23. b4 axb4 24. axb4 f6 25. Ra5 Rxa5 26. bxa5 Re8 27. Qb4 e5 28. Qb6 Qxb6 29. cxb6 exd4 30. exd4 Bxg2 31. Rf2 Bh3 32. a6 bxa6 33. b7 a5 34. Ba6 Kf7 35. Ra2 Bf5 36. Rxa5 Rb8 37. Rc5 Bd7 38. Kf2 Ke7 39. Ke3 Kd6 40. Rc2 Bf5 41. Rb2 Kc7 42. Kd2 Re8 43. Kc3 Kb8 44. Kb4 Re4 45. Kc5 Rxf4 46. Kxc6 Rxd4 47. Bb5 Re4 48. Kb6 Re6+ 49. Bc6 Re1 50. Bxd5 0-1

[Event "XXII. DBMM Schach"]
[Site "Dresden"]
[Date "2024.01.18"]
[Round "1.1"]
[Board "1"]
[White "Damm, Nils"]
[Black "Schulz, Michael"]
[Result "0-1"]
[WhiteElo "1967"]
[BlackElo "2172"]
[Annotator "brss"]
[PlyCount "179"]
[GameId "489223816383"]
[EventDate "2024.01.18"]
[EventType "team-swiss"]
[EventRounds "7"]
[EventCountry "GER"]
[Tiebreak "Buchholz"]
[SourceTitle "XXII. DBMM Schach"]
[Source "FV Schach e.V."]
[SourceDate "2024.01.21"]
[SourceVersion "1"]
[SourceVersionDate "2024.01.21"]
[SourceQuality "1"]
[WhiteTeam "DZ Bank Frankfurt"]
[BlackTeam "SV Osram Berlin"]
[WhiteTeamCountry "GER"]
[BlackTeamCountry "GER"]

1. d4 Nf6 2. Nf3 c5 3. c3 g6 4. Bf4 Bg7 5. e3 O-O 6. Be2 d6 7. h3 Qb6 8. Qb3 Nc6 9. Nbd2 Qxb3 10. Nxb3 cxd4 11. exd4 a5 12. O-O a4 13. Nc1 a3 14. Rb1 e5 15. dxe5 Nd5 16. Bd2 dxe5 17. bxa3 e4 18. Nd4 Bxd4 19. cxd4 Rxa3 20. Bc4 Rd8 21. Ne2 Kg7 22. Bc1 Ra7 23. Bb2 Be6 24. a3 Kg8 25. Rfe1 f5 26. Nc3 Bf7 27. Nxd5 Bxd5 28. Rbc1 Bf7 29. Red1 Ra5 30. Kh2 Bxc4 31. Rxc4 Rb5 32. Rd2 Rd7 33. a4 Rb4 34. Rdc2 Kf7 35. Kg3 Rb3+ 36. Kh2 Rd3 37. g4 Ke6 38. Kg2 Nxd4 39. Bxd4 R3xd4 40. a5 Rxc4 41. Rxc4 h5 42. Rb4 hxg4 43. hxg4 Ke5 44. Rb6 Rg7 45. Kg3 f4+ 46. Kg2 g5 47. Rb4 f3+ 48. Kg3 Rf7 49. Rb5+ Kd6 50. Rb3 Kc5 51. Re3 Re7 52. Rb3 Kc4 53. Rb6 Re5 54. a6 bxa6 55. Rxa6 Rc5 56. Rd6 Rd5 57. Rf6 Kd4 58. Rf7 Rc5 59. Rd7+ Ke5 60. Rd1 Rc3 61. Re1 Kd4 62. Rd1+ Kc4 63. Re1 Kd3 64. Re3+ Kd4 65. Re1 Rc2 66. Rd1+ Kc3 67. Re1 Kd3 68. Rd1+ Ke2 69. Rb1 Rd2 70. Ra1 Rd1 71. Ra2+ Kd3 72. Ra3+ Kc2 73. Re3 Rd4 74. Kh2 Rd2 75. Kg3 Re2 76. Ra3 Re1 77. Ra4 Rg1+ 78. Kh3 Kd3 79. Ra3+ Ke2 80. Ra2+ Kd3 81. Ra3+ Kd4 82. Ra4+ Kd3 83. Ra3+ Ke2 84. Ra2+ Kf1 85. Rb2 Rh1+ 86. Kg3 Rg1+ 87. Kh3 e3 88. fxe3 f2 89. e4 Ke1 90. Rb1+ 0-1